[Event "San Jose 1000 GM Spring Break 3 Gp1"]
[Site "San Jose"]
[Date "2024.04.07"]
[Round "5.1"]
[White "Guo, Ethan"]
[Black "Jimenez Garcia, Emanuel"]
[Result "0-1"]
[WhiteElo "2211"]
[BlackElo "2421"]
[PlyCount "65"]
[EventDate "2024.04.05"]
[EventType "schev"]
[EventRounds "5"]
[EventCountry "USA"]
[SourceTitle "CB16_2024"]
[SourceDate "2024.04.17"]
[SourceVersion "1"]
[SourceVersionDate "2024.04.17"]
[SourceQuality "1"]
[WhiteTeam "Challengers"]
[BlackTeam "Masters"]
[WhiteTeamCountry "USA"]
[BlackTeamCountry "USA"]

1. e4 d6 2. d4 Nf6 3. Nc3 e5 4. Nf3 Nbd7 5. Bc4 Be7 6. 0-0 0-0 7. a4 c6 8. Ba2 a5 9. Re1 exd4 10. Nxd4 Nc5 11. Bf4 Ne6 12. Nxe6 Bxe6 13. Bg3 Bxa2 14. Rxa2 Re8 15. Ra1 Qb6 16. b3 Qc5 17. Qd3 Nh5 18. Rad1 Nxg3 19. hxg3 Bf8 20. Qe3 Qxe3 21. Rxe3 Re6 22. Red3 g6 23. f3 f5 24. Kf2 Rae8 25. exf5 gxf5 26. R1d2 d5 27. Re2 Bc5+ 28. Kf1 Kf7 29. Rxe6 Rxe6 30. Nd1 Rh6 31. Nf2 Bxf2 32. Kxf2 Rh1 33. Rd2 0-1

[Event "San Jose 1000 GM Spring Break 2 Gp1"]
[Site "San Jose"]
[Date "2024.04.02"]
[Round "2.3"]
[White "Jimenez Garcia, Emanuel"]
[Black "Guo, Ethan"]
[Result "1/2-1/2"]
[WhiteElo "2421"]
[BlackElo "2211"]
[PlyCount "67"]
[EventDate "2024.04.02"]
[EventType "schev"]
[EventRounds "5"]
[EventCountry "USA"]
[SourceTitle "CB16_2024"]
[SourceDate "2024.04.17"]
[SourceVersion "1"]
[SourceVersionDate "2024.04.17"]
[SourceQuality "1"]
[WhiteTeam "Masters"]
[BlackTeam "Challengers"]
[WhiteTeamCountry "USA"]
[BlackTeamCountry "USA"]

1. Nf3 d5 2. g3 Nd7 3. Bg2 e5 4. d3 Bd6 5. c4 dxc4 6. dxc4 Ngf6 7. Nc3 0-0 8. 0-0 h6 9. a3 a5 10. Rb1 e4 11. Nd4 Re8 12. b4 axb4 13. axb4 Be5 14. e3 c5 15. Ndb5 cxb4 16. Nxe4 Nxe4 17. Bxe4 Bxg3 18. fxg3 Rxe4 19. Rxf7 Kxf7 20. Nd6+ Kf8 21. Nxe4 Qe7 22. Nf2 Kg8 23. Bd2 Qf7 24. Bxb4 Ra2 25. Be1 Ne5 26. Ra1 Rxa1 27. Qxa1 Nf3+ 28. Kg2 Nxe1+ 29. Qxe1 Qxc4 30. Qd1 b5 31. Qd8+ Kf7 32. Nd3 Bb7+ 33. Kg1 Qe4 34. Qc7+ 1/2-1/2

[Event "Santa Clara 1000 GM Schev1 03"]
[Site "Santa Clara"]
[Date "2024.03.10"]
[Round "5.4"]
[White "Guo, Ethan"]
[Black "Stearman, Josiah P"]
[Result "1/2-1/2"]
[WhiteElo "2227"]
[BlackElo "2464"]
[PlyCount "46"]
[EventDate "2024.03.09"]
[EventType "schev"]
[EventRounds "5"]
[EventCountry "USA"]
[SourceTitle "CB11_2024"]
[SourceDate "2024.03.13"]
[SourceVersion "1"]
[SourceVersionDate "2024.03.13"]
[SourceQuality "1"]

1. e4 c5 2. Nf3 d6 3. d4 cxd4 4. Nxd4 Nf6 5. Nc3 a6 6. h3 e5 7. Nde2 h5 8. Bg5 Be7 9. Ng3 g6 10. Bc4 0-0 11. 0-0 b5 12. Bd5 Nxd5 13. Qxd5 Ra7 14. Bxe7 Qxe7 15. Rfd1 Rd8 16. Qd2 Be6 17. Nf1 f5 18. exf5 Bxf5 19. Nd5 Qf8 20. c3 Nc6 21. Qg5 Rf7 22. Ng3 Kh7 23. Nxf5 Rxf5 1/2-1/2

[Event "Santa Clara Presidents Day IM"]
[Site "Santa Clara"]
[Date "2024.02.20"]
[Round "9"]
[White "Guo, Ethan"]
[Black "Yan, Nathan"]
[Result "1/2-1/2"]
[WhiteElo "2099"]
[BlackElo "2311"]
[PlyCount "47"]
[EventDate "2024.02.13"]
[EventType "tourn"]
[EventRounds "9"]
[EventCountry "USA"]
[SourceTitle "CB08_2024"]
[SourceDate "2024.02.21"]
[SourceVersion "1"]
[SourceVersionDate "2024.02.21"]
[SourceQuality "1"]

1. e4 e5 2. Nf3 Nc6 3. Bb5 a6 4. Ba4 Nf6 5. 0-0 Be7 6. d3 b5 7. Bb3 d6 8. h3 0-0 9. a3 Be6 10. Bxe6 fxe6 11. Re1 Qe8 12. Nbd2 Nh5 13. Nf1 Qg6 14. N3h2 Nf4 15. Qg4 Qxg4 16. Nxg4 Nd4 17. Bxf4 exf4 18. Rac1 f3 19. Ng3 Bg5 20. Ne3 Bf4 21. c3 Ne2+ 22. Nxe2 Bxe3 23. Rc2 Bb6 24. Ng3 1/2-1/2

[Event "Chesterfield SPICE Cup op"]
[Site "Chesterfield"]
[Date "2023.12.21"]
[Round "8"]
[White "Guo, Ethan"]
[Black "Putnam, Liam H"]
[Result "1/2-1/2"]
[WhiteElo "2091"]
[BlackElo "2348"]
[PlyCount "94"]
[EventDate "2023.12.17"]
[EventType "swiss"]
[EventRounds "9"]
[EventCountry "USA"]
[SourceTitle "CB52_2023"]
[SourceDate "2023.12.27"]
[SourceVersion "1"]
[SourceVersionDate "2023.12.27"]
[SourceQuality "1"]

1. e4 c6 2. Nc3 d5 3. Nf3 dxe4 4. Nxe4 Nf6 5. Qe2 Nxe4 6. Qxe4 Nd7 7. Bc4 Nf6 8. Ne5 e6 9. Qe2 b5 10. Bd3 Bd6 11. Nxc6 Qc7 12. Nd4 a6 13. Nf5 0-0 14. Nxd6 Qxd6 15. 0-0 Bb7 16. f3 e5 17. a4 b4 18. Kh1 b3 19. cxb3 Rfe8 20. Bc4 e4 21. fxe4 Rxe4 22. Qd3 Qe7 23. h3 Rh4 24. Qe3 Qd7 25. Kg1 Re8 26. Qc3 Qc6 27. Qf3 Qd7 28. Qc3 Rh6 29. d4 Rg6 30. Rf2 Kh8 31. Bd3 Rg3 32. Bf4 Ne4 33. Qc2 Rxd3 34. Qxd3 Nxf2 35. Kxf2 Qc6 36. Rg1 Qf6 37. Kg3 g5 38. Bc7 Re7 39. Bb8 Re8 40. Bc7 Qe7 41. Qc3 f6 42. Kh2 Rc8 43. Rc1 Bd5 44. Qg3 Qf7 45. b4 Re8 46. Rc2 h5 47. Rf2 Qe6 1/2-1/2

[Event "Sunnyvale Silicon Valley Fall op"]
[Site "Sunnyvale"]
[Date "2023.09.04"]
[Round "8"]
[White "Ghazaryan, Raffi"]
[Black "Guo, Ethan"]
[Result "1/2-1/2"]
[WhiteElo "2084"]
[BlackElo "1971"]
[PlyCount "74"]
[EventDate "2023.08.31"]
[EventType "swiss"]
[EventRounds "9"]
[EventCountry "USA"]
[SourceTitle "EXT 2024"]
[Source "ChessBase"]
[SourceDate "2023.10.10"]
[SourceVersion "1"]
[SourceVersionDate "2023.10.10"]
[SourceQuality "1"]

1. d4 Nf6 2. Nf3 d5 3. c4 c6 4. Nc3 e6 5. e3 Nbd7 6. Bd3 dxc4 7. Bxc4 b5 8. Bd3 a6 9. e4 c5 10. e5 cxd4 11. Nxb5 axb5 12. exf6 gxf6 13. 0-0 Qb6 14. Qe2 b4 15. Rd1 Bc5 16. Bf4 Bb7 17. Be4 Ba6 18. Qe1 Rc8 19. Rac1 Ke7 20. Rd2 Rhd8 21. Bxh7 Bb7 22. Be4 Bxe4 23. Qxe4 Nf8 24. h4 Ng6 25. Bh2 f5 26. Qd3 Rh8 27. Re2 Bd6 28. Bxd6+ Qxd6 29. Rxc8 Rxc8 30. g3 Qd5 31. h5 Nf8 32. Re5 Qxa2 33. Qxd4 Qc4 34. Qxc4 Rxc4 35. Rb5 Kf6 36. b3 Rc3 37. Nd4 e5 1/2-1/2

[Event "Veliko Gradiste Silver Lake op-A"]
[Site "Veliko Gradiste"]
[Date "2023.06.20"]
[Round "4"]
[White "Guo, Ethan"]
[Black "Demirkol, Kerim Calvelo"]
[Result "1/2-1/2"]
[WhiteElo "2011"]
[BlackElo "1689"]
[PlyCount "62"]
[EventDate "2023.06.18"]
[EventType "swiss"]
[EventRounds "9"]
[EventCountry "SRB"]
[SourceTitle "CBM 215 Extra"]
[Source "ChessBase"]
[SourceDate "2023.09.30"]
[SourceVersion "1"]
[SourceVersionDate "2023.09.30"]
[SourceQuality "1"]

1. e4 c6 2. Nf3 d5 3. Nc3 dxe4 4. Nxe4 Nf6 5. Qe2 Bg4 6. Nxf6+ gxf6 7. h3 Bxf3 8. Qxf3 Qd5 9. Qe3 e6 10. d4 c5 11. dxc5 Bxc5 12. Qd3 Qxd3 13. Bxd3 Nc6 14. Bh6 Ke7 15. 0-0 f5 16. Rfe1 Kf6 17. Bd2 Bb4 18. c3 Rhd8 19. cxb4 Rxd3 20. Bc3+ Kg6 21. Rac1 a6 22. Kf1 Rad8 23. Re3 f4 24. Rxd3 Rxd3 25. Ke2 Rd5 26. a3 Kf5 27. g3 h5 28. gxf4 Kxf4 29. Rg1 Nd4+ 30. Bxd4 Rxd4 31. Rg7 Rd7 1/2-1/2

[Event "Veliko Gradiste Silver Lake op-A"]
[Site "Veliko Gradiste"]
[Date "2023.06.19"]
[Round "2"]
[White "Guo, Ethan"]
[Black "Oikonomopoulos, Filippos"]
[Result "1-0"]
[WhiteElo "2011"]
[BlackElo "1733"]
[PlyCount "45"]
[EventDate "2023.06.18"]
[EventType "swiss"]
[EventRounds "9"]
[EventCountry "SRB"]
[SourceTitle "CBM 215 Extra"]
[Source "ChessBase"]
[SourceDate "2023.09.30"]
[SourceVersion "1"]
[SourceVersionDate "2023.09.30"]
[SourceQuality "1"]

1. e4 e5 2. Nf3 Nc6 3. Bc4 Bc5 4. d3 Nf6 5. h3 a6 6. c3 d6 7. 0-0 Ba7 8. Bb3 h6 9. Re1 0-0 10. Nbd2 Be6 11. Nf1 Qd7 12. Ng3 Ne7 13. d4 Ng6 14. Be3 Bxb3 15. Qxb3 c6 16. Rad1 Qc7 17. Qc2 exd4 18. cxd4 Rfe8 19. Nd2 Rad8 20. Kh1 Nf8 21. f4 Ne6 22. Nf3 Rc8 23. Bc1 1-0

[Event "Wch U10 blitz"]
[Site "Batumi"]
[Date "2023.06.11"]
[Round "10"]
[White "Guo, Ethan"]
[Black "Tleuov, Akhan"]
[Result "1-0"]
[WhiteElo "1867"]
[BlackElo "1498"]
[PlyCount "63"]
[EventDate "2023.06.10"]
[EventType "swiss (blitz)"]
[EventRounds "11"]
[EventCountry "GEO"]
[SourceTitle "EXT 2024"]
[Source "ChessBase"]
[SourceDate "2023.10.10"]
[SourceVersion "1"]
[SourceVersionDate "2023.10.10"]
[SourceQuality "1"]
[WhiteTeam "United States"]
[BlackTeam "Kazakhstan"]
[WhiteTeamCountry "USA"]
[BlackTeamCountry "KAZ"]

1. e4 e5 2. Nf3 Nc6 3. Bc4 Nf6 4. d3 Bc5 5. c3 d6 6. 0-0 0-0 7. h3 Bb6 8. Nbd2 d5 9. Bb5 dxe4 10. dxe4 Qd6 11. Qe2 Be6 12. Bxc6 bxc6 13. Nc4 Bxc4 14. Qxc4 Rfe8 15. Bg5 Rad8 16. a4 a5 17. Nh4 Qd3 18. Qxc6 Rd6 19. Qb7 Nxe4 20. Nf3 Nxg5 21. Nxg5 Rg6 22. Nf3 e4 23. Ne5 Qe2 24. Nxg6 hxg6 25. b4 e3 26. fxe3 Rxe3 27. Kh1 Qd3 28. Qc8+ Kh7 29. bxa5 Bxa5 30. Rad1 Qe4 31. Rd8 Rxh3+ 32. Qxh3+ 1-0

[Event "Wch U10 blitz"]
[Site "Batumi"]
[Date "2023.06.10"]
[Round "4"]
[White "Sklokin, Sergey"]
[Black "Guo, Ethan"]
[Result "1/2-1/2"]
[WhiteElo "1715"]
[BlackElo "1867"]
[PlyCount "210"]
[EventDate "2023.06.10"]
[EventType "swiss (blitz)"]
[EventRounds "11"]
[EventCountry "GEO"]
[SourceTitle "EXT 2024"]
[Source "ChessBase"]
[SourceDate "2023.10.10"]
[SourceVersion "1"]
[SourceVersionDate "2023.10.10"]
[SourceQuality "1"]
[WhiteTeam "Russia"]
[BlackTeam "United States"]
[WhiteTeamCountry "RUS"]
[BlackTeamCountry "USA"]

1. e4 c5 2. Nf3 d6 3. c3 Nf6 4. Be2 g6 5. 0-0 Bg7 6. d3 0-0 7. Be3 Nc6 8. Nbd2 a6 9. a4 Bd7 10. h3 Rb8 11. d4 cxd4 12. Nxd4 Nxd4 13. cxd4 d5 14. e5 Ne8 15. Bd3 b5 16. axb5 Bxb5 17. Bxb5 Rxb5 18. Rxa6 Rxb2 19. Qc1 Rb6 20. Qa3 Rxa6 21. Qxa6 Nc7 22. Qc6 Ne6 23. Nb3 Qb8 24. Nc5 Nxc5 25. Qxc5 e6 26. Rc1 Qb3 27. Qe7 Qb5 28. Rc7 Qe8 29. Qc5 Qb8 30. Kh2 Qd8 31. Qc6 Qa8 32. Qd7 Qd8 33. Qc6 Qa8 34. Qc5 Re8 35. Ra7 Qc8 36. Rc7 Qa8 37. f3 Bf8 38. Qb5 Re7 39. Rxe7 Bxe7 40. Qd7 Qd8 41. Qb7 Bg5 42. f4 Bh6 43. Kg3 Bf8 44. Bd2 Qe7 45. Qc8 Qa3+ 46. Kh2 Qb2 47. Be3 Qa3 48. Bf2 Qd3 49. Qd8 Qd2 50. Kg3 Qd3+ 51. Kh2 Qd2 52. Qh4 h5 53. Qg3 Bh6 54. Be3 Qd3 55. Qf2 Qe4 56. g4 hxg4 57. hxg4 Qd3 58. Kg3 Bf8 59. Kf3 Qd1+ 60. Qe2 Qh1+ 61. Kg3 Be7 62. Qh2 Qe4 63. Qd2 Bb4 64. Qe2 Bc3 65. Qf2 Kg7 66. Qf3 Qd3 67. Bf2 Qd2 68. Qe3 Qxe3+ 69. Bxe3 Bb4 70. Kf3 Ba3 71. Ke2 Kf8 72. Kd3 Ke8 73. Bd2 Kd7 74. Ke3 Be7 75. Kf3 Kc6 76. f5 gxf5 77. gxf5 Kd7 78. f6 Bf8 79. Kg4 Ke8 80. Kf3 Ba3 81. Ke3 Bf8 82. Kd3 Kd7 83. Ba5 Bh6 84. Bd2 Bf8 85. Kc3 Kc6 86. Kb3 Kb5 87. Be1 Kc6 88. Bb4 Bh6 89. Ka4 Kd7 90. Kb5 Ke8 91. Kc6 Be3 92. Bc5 Bd2 93. Kc7 Ba5+ 94. Bb6 Bb4 95. Kc6 Bd2 96. Bc5 Be3 97. Kd6 Bf4 98. Bb6 Bd2 99. Kc5 Bc1 100. Kb5 Ba3 101. Bc5 Bc1 102. Kb6 Be3 103. Kc6 Bd2 104. Kd6 Ba5 105. Kc6 Bc3 1/2-1/2

[Event "Wch U10 rapid"]
[Site "Batumi"]
[Date "2023.06.08"]
[Round "9"]
[White "Guo, Ethan"]
[Black "Keerthi Kumar, Advait"]
[Result "0-1"]
[WhiteElo "2011"]
[BlackElo "1656"]
[PlyCount "58"]
[EventDate "2023.06.06"]
[EventType "swiss (rapid)"]
[EventRounds "11"]
[EventCountry "GEO"]
[SourceTitle "EXT 2024"]
[Source "ChessBase"]
[SourceDate "2023.10.10"]
[SourceVersion "1"]
[SourceVersionDate "2023.10.10"]
[SourceQuality "1"]
[WhiteTeam "United States"]
[BlackTeam "England"]
[WhiteTeamCountry "USA"]
[BlackTeamCountry "ENG"]

1. d4 Nf6 2. c4 g6 3. h4 Bg7 4. Nc3 d6 5. e4 0-0 6. Be2 e5 7. d5 Na6 8. h5 Nc5 9. Qc2 c6 10. Be3 cxd5 11. cxd5 b6 12. hxg6 fxg6 13. Nf3 Ng4 14. Bg5 Qd7 15. Bb5 Qf7 16. Bc6 Bb7 17. Bxb7 Nxb7 18. Qe2 a6 19. Be3 Nxe3 20. Qxe3 Qf4 21. Qe2 Nc5 22. Rh4 Qf6 23. Qe3 b5 24. Ne2 Rac8 25. Rh1 a5 26. Nd2 Qxf2+ 27. Qxf2 Nd3+ 28. Kd1 Nxf2+ 29. Ke1 Nxh1 0-1

[Event "Wch U10 rapid"]
[Site "Batumi"]
[Date "2023.06.08"]
[Round "11"]
[White "Guo, Ethan"]
[Black "Popov, Aleksandr And"]
[Result "1-0"]
[WhiteElo "2011"]
[BlackElo "1231"]
[PlyCount "169"]
[EventDate "2023.06.06"]
[EventType "swiss (rapid)"]
[EventRounds "11"]
[EventCountry "GEO"]
[SourceTitle "EXT 2024"]
[Source "ChessBase"]
[SourceDate "2023.10.10"]
[SourceVersion "1"]
[SourceVersionDate "2023.10.10"]
[SourceQuality "1"]
[WhiteTeam "United States"]
[BlackTeam "FIDE"]
[WhiteTeamCountry "USA"]

1. e4 e5 2. Nf3 Nc6 3. Bc4 Bc5 4. c3 Nf6 5. d3 h6 6. a4 a5 7. 0-0 d6 8. Nbd2 0-0 9. h3 Be6 10. Re1 Qd7 11. Bb5 Rad8 12. d4 Bb6 13. d5 Nxd5 14. exd5 Bxd5 15. Nc4 Bxc4 16. Bxc4 Qf5 17. Be3 Bxe3 18. Rxe3 e4 19. Nd4 Nxd4 20. Qxd4 d5 21. Bb3 b6 22. Rg3 f6 23. Re1 c5 24. Qxe4 Qxe4 25. Rxe4 c4 26. Re7 Rf7 27. Rxf7 Kxf7 28. Bc2 Rb8 29. Bg6+ Ke7 30. Re3+ Kd6 31. Be8 Rb7 32. Kf1 Rc7 33. Bb5 Ra7 34. Re8 Rb7 35. Rd8+ Ke5 36. Bc6 Rc7 37. Bxd5 Rc5 38. Bf3 b5 39. axb5 Rxb5 40. Rd2 a4 41. Bc6 Ra5 42. Rd4 a3 43. bxa3 Rxa3 44. Rxc4 Ra1+ 45. Ke2 Ra2+ 46. Kf3 Ra6 47. Bb5 Rb6 48. Re4+ Kd6 49. c4 Rb7 50. Rd4+ Kc5 51. Rd5+ Kb4 52. Rd7 Rxd7 53. Bxd7 Kxc4 54. Kf4 Kd5 55. Kf5 Kd6 56. Ba4 Ke7 57. Kg6 Kf8 58. Bb3 h5 59. h4 f5 60. g3 Ke7 61. Kxg7 Kd6 62. Kg6 Ke5 63. Kxh5 Ke4 64. Bd1 f4 65. g4 f3 66. g5 Kf5 67. Bxf3 Ke6 68. g6 Ke7 69. Bd5 Kf6 70. Kh6 Ke7 71. g7 Kd6 72. Ba2 Kc5 73. g8R Kd4 74. Re8 Kc3 75. f4 Kb2 76. Bd5 Kc3 77. f5 Kd4 78. Bg8 Kc3 79. f6 Kd4 80. f7 Kc3 81. f8Q Kd3 82. Qd6+ Kc3 83. Rc8+ Kb2 84. Qb4+ Ka1 85. Rc1# 1-0

[Event "Wch U10 rapid"]
[Site "Batumi"]
[Date "2023.06.07"]
[Round "4"]
[White "Batyrov, Alihan"]
[Black "Guo, Ethan"]
[Result "1/2-1/2"]
[WhiteElo "1733"]
[BlackElo "2011"]
[PlyCount "92"]
[EventDate "2023.06.06"]
[EventType "swiss (rapid)"]
[EventRounds "11"]
[EventCountry "GEO"]
[SourceTitle "EXT 2024"]
[Source "ChessBase"]
[SourceDate "2023.10.10"]
[SourceVersion "1"]
[SourceVersionDate "2023.10.10"]
[SourceQuality "1"]
[WhiteTeam "Turkmenistan"]
[BlackTeam "United States"]
[WhiteTeamCountry "TKM"]
[BlackTeamCountry "USA"]

1. e4 c5 2. Nf3 d6 3. d4 cxd4 4. Nxd4 Nf6 5. Nc3 a6 6. f3 e6 7. Be3 b5 8. Qd2 Nbd7 9. g4 h6 10. 0-0-0 b4 11. Nce2 Qc7 12. Kb1 Bb7 13. Nc1 d5 14. exd5 Nxd5 15. Be2 0-0-0 16. Ncb3 Be7 17. h4 Kb8 18. Bf2 Ka8 19. Qe1 Bd6 20. Qf1 Nb8 21. Bg1 Bf4 22. Bd3 e5 23. Nf5 g6 24. Qf2 Nc6 25. Ng3 Be3 26. Qe2 Bxg1 27. Rhxg1 Nf4 28. Qf1 Nxd3 29. Rxd3 Rxd3 30. Qxd3 Rd8 31. Qe2 Nd4 32. Nxd4 Rxd4 33. Rd1 Qd8 34. Rxd4 Qxd4 35. Nf1 Qg1 36. Qd1 Qh1 37. a3 bxa3 38. bxa3 Qxf3 39. Qd8+ Ka7 40. Nd2 Qxg4 41. Nb3 Qg1+ 42. Kb2 Qb6 43. Qe7 f6 44. Qg7 g5 45. Qxh6 gxh4 46. Qxh4 e4 1/2-1/2

[Event "Wch U10 rapid"]
[Site "Batumi"]
[Date "2023.06.07"]
[Round "7"]
[White "Diasamidze, Rati"]
[Black "Guo, Ethan"]
[Result "0-1"]
[WhiteElo "1311"]
[BlackElo "2011"]
[PlyCount "94"]
[EventDate "2023.06.06"]
[EventType "swiss (rapid)"]
[EventRounds "11"]
[EventCountry "GEO"]
[SourceTitle "EXT 2024"]
[Source "ChessBase"]
[SourceDate "2023.10.10"]
[SourceVersion "1"]
[SourceVersionDate "2023.10.10"]
[SourceQuality "1"]
[WhiteTeam "Georgia"]
[BlackTeam "United States"]
[WhiteTeamCountry "GEO"]
[BlackTeamCountry "USA"]

1. d4 Nf6 2. c4 e6 3. Nf3 b6 4. g3 Bb7 5. Bg2 Bb4+ 6. Nbd2 0-0 7. 0-0 d5 8. Ne5 Nbd7 9. Nxd7 Qxd7 10. Qc2 Rac8 11. cxd5 exd5 12. Nf3 Bd6 13. Bg5 Ne4 14. Bf4 Bxf4 15. gxf4 c5 16. dxc5 bxc5 17. Ne5 Qe7 18. Rfd1 Qh4 19. Bxe4 dxe4 20. e3 Rc7 21. Qc4 Qe7 22. Rd2 Bc8 23. Rad1 Bf5 24. Rd6 Be6 25. Qxe4 Bxa2 26. Rd7 Rxd7 27. Rxd7 Qe6 28. f5 Qb6 29. Rb7 Qd6 30. Rd7 Qb6 31. Rb7 Qa5 32. f6 Qe1+ 33. Kg2 g6 34. Rd7 Qa5 35. Qf4 Qb6 36. Ng4 Qc6+ 37. f3 Kh8 38. Qh6 Rg8 39. Rxf7 Bxf7 40. Ne5 Qxf6 41. Nd7 Qxb2+ 42. Kg3 Qg7 43. Qg5 h6 44. Qxc5 Be6 45. Ne5 Rc8 46. Qd6 Re8 47. Qc6 Qxe5+ 0-1

[Event "Wch U10 rapid"]
[Site "Batumi"]
[Date "2023.06.06"]
[Round "2"]
[White "Tleuov, Akhan"]
[Black "Guo, Ethan"]
[Result "0-1"]
[WhiteElo "1478"]
[BlackElo "2011"]
[PlyCount "84"]
[EventDate "2023.06.06"]
[EventType "swiss (rapid)"]
[EventRounds "11"]
[EventCountry "GEO"]
[SourceTitle "EXT 2024"]
[Source "ChessBase"]
[SourceDate "2023.10.10"]
[SourceVersion "1"]
[SourceVersionDate "2023.10.10"]
[SourceQuality "1"]
[WhiteTeam "Kazakhstan"]
[BlackTeam "United States"]
[WhiteTeamCountry "KAZ"]
[BlackTeamCountry "USA"]

1. e4 c5 2. Nf3 d6 3. d4 cxd4 4. Qxd4 a6 5. c4 Nc6 6. Qe3 Nf6 7. Nc3 g6 8. Be2 Bg7 9. 0-0 0-0 10. h3 Be6 11. Rd1 Qc7 12. Nd5 Bxd5 13. exd5 Na5 14. Qd3 Rac8 15. Bd2 b6 16. Bxa5 bxa5 17. Nd4 Nd7 18. Nc6 Nc5 19. Qd2 a4 20. Rab1 Rfe8 21. Qc2 e6 22. b4 axb3 23. axb3 a5 24. Bf1 exd5 25. cxd5 Ne4 26. Rd3 Bf6 27. b4 axb4 28. Rxb4 Nc5 29. Rd1 Ra8 30. Rdb1 Kg7 31. Rb5 Ra3 32. Qc4 Rc3 33. Qa2 Qd7 34. Rb8 Rxb8 35. Rxb8 h5 36. Rb4 Qf5 37. Qb1 Qxd5 38. Na5 Qd2 39. Rb2 Qg5 40. Nc4 Rc1 41. f4 Rxb1 42. fxg5 Bxb2 0-1

[Event "Sunnyvale 1000 GM Schev 04"]
[Site "Sunnyvale"]
[Date "2023.04.23"]
[Round "4.4"]
[White "Flores Quillas, Diego Saul Rodrigo"]
[Black "Guo, Ethan"]
[Result "1-0"]
[WhiteElo "2359"]
[BlackElo "1964"]
[PlyCount "109"]
[EventDate "2023.04.21"]
[EventType "schev"]
[EventRounds "5"]
[EventCountry "USA"]
[SourceTitle "CBM 213 Extra"]
[Source "ChessBase"]
[SourceDate "2023.05.31"]
[SourceVersion "1"]
[SourceVersionDate "2023.05.31"]
[SourceQuality "1"]
[WhiteTeam "Team B"]
[BlackTeam "Team B"]
[WhiteTeamCountry "USA"]
[BlackTeamCountry "USA"]

1. e4 c5 2. Nf3 d6 3. d4 cxd4 4. Nxd4 Nf6 5. Nc3 a6 6. Bg5 e6 7. Qe2 Be7 8. f4 b5 9. a3 Bb7 10. 0-0-0 Nbd7 11. g3 h6 12. Bh4 Rc8 13. Bg2 Rxc3 14. bxc3 Qa5 15. Nb3 Qxc3 16. Qe1 Qc7 17. Qa5 Qxa5 18. Nxa5 Bxe4 19. Bxe4 Nxe4 20. Bxe7 Kxe7 21. Nc6+ Ke8 22. Rhe1 Ndc5 23. Nb4 Ke7 24. Rd4 d5 25. Nd3 Rc8 26. Nxc5 Rxc5 27. a4 Nd6 28. axb5 axb5 29. Kb2 Rc4 30. Rxd5 Rb4+ 31. Ka3 Rc4 32. Kb3 Kd7 33. Rd2 Kc6 34. Red1 Nb7 35. Rd4 Rxd4 36. Rxd4 f6 37. Kb4 e5 38. fxe5 fxe5 39. Rg4 g5 40. h4 Nd6 41. hxg5 hxg5 42. Rxg5 Kd5 43. Rg6 e4 44. Kc3 Nc4 45. Rg5+ Kc6 46. Kd4 e3 47. Kd3 Kb6 48. Rf5 Ka5 49. g4 Nd6 50. Kxe3 Nxf5+ 51. gxf5 Kb4 52. f6 Kc3 53. f7 Kxc2 54. f8Q Kc3 55. Qc5+ 1-0